Statistics for Top 5 Washington Wizards Players Per Position

Click here to take the quiz!

General Stats

  • This quiz has been taken 16 times
  • The average score is 10 of 25

Answer Stats

Position # Player WS % Correct
PG1John Wall44.3
100%
SG1Bradley Beal41.5
94%
PG2Gilbert Arenas41.5
88%
C1Wes Unseld110.1
81%
PF1Elvin Hayes80.0
81%
C4Marcin Gortat35.6
63%
PF2Antawn Jamison41.4
56%
SF4Otto Porter27.9
50%
SF3Gus Johnson36.0
50%
PG4Kevin Porter22.4
50%
SG4Earl Monroe33.5
44%
PF3Juwan Howard26.8
38%
PG3Rod Strickland26.5
31%
SF1Greg Ballard48.6
25%
SG2Phil Chenier39.3
25%
C2Walt Bellamy57.0
25%
C3Brendan Haywood35.8
25%
SG5Kevin Loughery26.4
13%
SG3Jeff Malone33.6
13%
PF4Harvey Grant23.7
13%
C5Jeff Ruland34.0
13%
SF2Jack Marin41.3
6%
PG5Chris Whitney21.1
6%
PF5Rick Mahorn22.3
6%
SF5Mike Riordan27.9
0%

Score Distribution

Percentile by Number Answered

Percent of People with Each Score

Your Score History

You have not taken this quiz